000
00356nam a2200157Ia 4500
008
221030s9999 xx 000 0 und d
020
_a
0876926901
041
_a
English
082
_a
105.23
100
_a
K. Ogata
245
0
_a
Modern Control Engineering
_c
by K. Ogata
260
_b
PHI
_a
New Delhi
_c
1991
300
_a
963
650
_a
EE
942
_c
BK
999
_c
6091
_d
6091